Transporte urbano en latinoamerica y el caribe: estudios de casos (San José, Puebla, Puerto España, Puerto Príncipe) /
Salvato in:
| Autore principale: | |
|---|---|
| Altri autori: | |
| Natura: | testo |
| Pubblicazione: |
San José:
FLACSO
|
| Soggetti: | |
| Tags: |
Aggiungi Tag
Nessun Tag, puoi essere il primo ad aggiungerne!!
|
MARC
| LEADER | 00000 a a2200000 04500 | ||
|---|---|---|---|
| 001 | 33494 | ||
| 003 | |||
| 040 | |||
| 020 | |a 9977-68-124-4 | ||
| 090 | |a 1001 B981t | ||
| 100 | |a Bussière, Yves | ||
| 245 | |a Transporte urbano en latinoamerica y el caribe: estudios de casos (San José, Puebla, Puerto España, Puerto Príncipe) / |c Yves Bussière | ||
| 260 | |a San José: |b FLACSO | ||
| 300 | |a 234 p. |b il. |b map. | ||
| 650 | |a COMUNIDADES URBANAS | ||
| 650 | |a TRANSPORTE | ||
| 650 | |a REDES VIALES | ||
| 650 | |a CONTAMINACION ATMOSFERICA | ||
| 650 | |a ACCIDENTES DE TRANSITO | ||
| 650 | |a MEDIOS DE TRANSPORTE | ||
| 650 | |a COSTA RICA | ||
| 700 | |a ed. | ||
| 999 | |c 5020 |d 5020 | ||



